Statistics for Natalie Portman Movies Quiz

Click here to take the quiz!

General Stats

  • This quiz has been taken 18,612 times
    (11,448 since last reset)
  • The average score is 6 of 12

Answer Stats

DescriptionMovie% Correct
The pressures of "Swan Lake" cause a ballerina to descend into madnessBlack Swan
94%
Queen of Naboo struggles to preserve galactic peace with the help of
a mentally-impaired Gungan
Star Wars: Episode I -
The Phantom Menace
87%
Norse God must find his mojo with the help of an attractive astrophysicistThor
86%
Dissidents wearing Guy Fawkes masks struggle against a fascist British governmentV for Vendetta
69%
Talented French hitman must protect a young girl against a psychotic DEA agentLéon: The Professional
45%
Friends with benefits promise not to fall in loveNo Strings Attached
41%
Lecherous English king has affairs with two sistersThe Other Boleyn Girl
38%
Heavily-medicated hipster returns to New Jersey and falls in love with a compulsive liarGarden State
27%
Two London couples swap partners and use their sexual dalliances to torment one anotherCloser
22%
Confederate deserter returns to the hills of North Carolina but must face evil Home GuardsCold Mountain
19%
Three brothers travel across India by trainThe Darjeeling Limited
19%
Pregnant girl secretly lives in a Wal-Mart and even gives birth thereWhere the Heart Is
15%

Score Distribution

Percentile by Number Answered

Percent of People with Each Score

Your Score History

You have not taken this quiz since the last reset